Fated to love / (Record no. 234736)

000 -LEADER
fixed length control field 00497nam a22001937a 4500
003 - CONTROL NUMBER IDENTIFIER
control field Nust
005 - DATE AND TIME OF LATEST TRANSACTION
control field 20180626034202.0
008 - FIXED-LENGTH DATA ELEMENTS--GENERAL INFORMATION
fixed length control field 170330b xxu||||| |||| 00| 0 eng d
020 ## - INTERNATIONAL STANDARD BOOK NUMBER
International Standard Book Number 9780143063322
Terms of availability Rs. 516
038 ## - RECORD CONTENT LICENSOR
Staff Name Arshad
040 ## - CATALOGING SOURCE
Original cataloging agency NUST- Fiction
082 ## - DEWEY DECIMAL CLASSIFICATION NUMBER
Classification number 823
Author Mark SHA
100 ## - MAIN ENTRY--PERSONAL NAME
Personal name Sahraz, Qaisra
9 (RLIN) 11248
245 ## - TITLE STATEMENT
Title Fated to love /
Statement of responsibility, etc. by Qaisra Shahraz
260 ## - PUBLICATION, DISTRIBUTION, ETC.
Place of publication, distribution, etc. New Delhi:
Name of publisher, distributor, etc. Penguin books,
Date of publication, distribution, etc. 2009
300 ## - PHYSICAL DESCRIPTION
Extent 386 p.
650 ## - SUBJECT ADDED ENTRY--TOPICAL TERM
Topical term or geographic name entry element Muslim families
9 (RLIN) 11249
942 ## - ADDED ENTRY ELEMENTS (KOHA)
Source of classification or shelving scheme
Koha item type Book
Holdings
Withdrawn status Lost status Source of classification or shelving scheme Damaged status Not for loan Collection code Permanent Location Current Location Shelving location Date acquired Total Checkouts Total Renewals Full call number Barcode Date last seen Date last checked out Copy number Price effective from Koha item type
            Central Library (CL) Central Library (CL) Fiction 03/30/2017 2 1 823 SHA CL1087 09/28/2023 09/11/2019 1 03/30/2017 Book
© 2023 Central Library, National University of Sciences and Technology. All Rights Reserved.